| 000 | 01051nam a2200277 i 4500 | ||
|---|---|---|---|
| 003 | DO-SdBNP | ||
| 005 | 20241030114426.0 | ||
| 006 | a||||gr|||| 00| 0 | ||
| 007 | ta | ||
| 008 | 230704e2005 dr aad|| |||| 00| 0 spa d | ||
| 020 | _a9993487090 | ||
| 040 |
_aDO-SdBNP _bspa _cBNPHU _erda |
||
| 082 | 4 |
_222 _bB828d |
|
| 100 | 1 |
_aBrea, Ramonina _98319 |
|
| 245 | 1 | 3 |
_aLa democracia vulnerable: _binsatisfacción y desconfianza (1994-2004). / _cRamonina Brea, Isis Duarte, Mitchell Seligson |
| 264 | 1 |
_aSanto Domingo : _bPontificia Universidad Madre y Maestra, _bCentro Universitario de Estudios Políticos y Sociales, _bCentro de Estudios Sociales y Demográficos, _c2005 |
|
| 300 |
_a105 páginas : _bIlustraciones, gráficas ; _c20 cm |
||
| 336 |
_2rdaconten _atexto _btxt |
||
| 337 |
_2rdamedia _asin medición _bn |
||
| 338 |
_2rdacarrier _avolumen _bnc |
||
| 500 | _aIncluye bibliografía y notas al pie de páginas. | ||
| 590 | _aInventariado 2023 / MF | ||
| 700 | 1 |
_aDuarte, Isis _92123 |
|
| 700 | 1 |
_aSeligson, Mitchell _950175 |
|
| 942 |
_2ddc _cLBS1 |
||
| 999 |
_c54086 _d54086 |
||